The made in India manager/ (Record no. 191679)

MARC details
000 -LEADER
fixed length control field 00617nam a22001937a 4500
005 - DATE AND TIME OF LATEST TRANSACTION
control field 20220831143755.0
010 ## - LCCN (DPL NO)
LC control number ENG-134812
020 ## - INTERNATIONAL STANDARD BOOK NUMBER
Terms of availability 499.00
International Standard Book Number 978-93-5195-251-0
035 ## - SYSTEM CONTROL NUMBER
System control number EN-118344
037 ## - SOURCE OF ACQUISITION
Source of stock number/acquisition DBAD/PUB
082 ## - DEWEY DECIMAL CLASSIFICATION NUMBER
Classification number 658.400954
100 ## - MAIN ENTRY--PERSONAL NAME
Personal name R. Gopalakrishnan
245 ## - TITLE STATEMENT
Title The made in India manager/
Statement of responsibility, etc R. Gopalakrishnan and Ranjan Banerjee
250 ## - EDITION STATEMENT
Edition statement
260 ## - PUBLICATION, DISTRIBUTION, ETC. (IMPRINT)
Place of publication, distribution, etc Gurugram
Name of publisher, distributor, etc Hachette Book Publishing India Pvt.Ltd.
270 ## - ADDRESS
City Gurugram
Address 4th & 5th Floor, Corporate Centre, Plot No.94, Sec.-44
Postal code 122003
300 ## - PHYSICAL DESCRIPTION
Extent 196p.
Dimensions 21cm(hbk)
942 ## - ADDED ENTRY ELEMENTS (KOHA)
Source of classification or shelving scheme Dewey Decimal Classification
Item type English Books
Classification part 658.400954
Call number suffix GOP
Holdings
Withdrawn status Lost status Not for loan Collection code Home library Current library Date acquired Source of acquisition Cost, normal purchase price Full call number Barcode Copy number Cost, replacement price Koha item type
      Non-fiction Shahdara Branch Shahdara Branch 31/08/2022 DBAD/PUB 499.00 658.400954 GOP EN-118344 1 499.00 English Books

© Delhi Public Library
Hit Counter
free hit counter